Marketing ekologických poľnohospodárskych a potravinárskych produktov

Ekologické poľnohospodárstvo, ekomarketing - definície. Reálny dopyt po ekologických potravinách je na nízkej úrovni. Príčinou tohto stavu je deficit informovanosti spotrebiteľov o individuálnom a spoločenskom úžitku ekopotravín, vyššia cena a úzky sortiment ekopotravín, ako aj ich nedostupnosť v ob...

Descrizione completa

Salvato in:
Dettagli Bibliografici
Autore principale: Kretter, Anton
Natura: Capitolo di libro
Lingua:slovacco
Soggetti:
Tags: Aggiungi Tag
Nessun Tag, puoi essere il primo ad aggiungerne!!

MARC

LEADER 00000naa$a2200000$$$4500
001 0033326
005 20231018090822.2
041 0 |a slo 
044 |a SK 
245 1 0 |a Marketing ekologických poľnohospodárskych a potravinárskych produktov  |c Anton Kretter 
520 |a Ekologické poľnohospodárstvo, ekomarketing - definície. Reálny dopyt po ekologických potravinách je na nízkej úrovni. Príčinou tohto stavu je deficit informovanosti spotrebiteľov o individuálnom a spoločenskom úžitku ekopotravín, vyššia cena a úzky sortiment ekopotravín, ako aj ich nedostupnosť v obchodnej sieti. Prekonať tieto bariéry dopytu po ekopotravinách môže účinne napomôcť aktívne využívanie marketingu, v súčasnosti najmä komunikačnej politiky. 
610 2 0 |a potraviny 
610 2 0 |a výrobky ekologické 
610 2 0 |a dopyt 
610 2 0 |a spotreba 
610 2 0 |a marketing 
610 2 0 |a marketing mix 
100 1 |a Kretter, Anton